000
00269nam a2200109Ia 4500
005
20251222141946.0
008
251222s9999||||xx |||||||||||||| ||spa||
082
_a
REF.500/S74
100
_a
"Speck, G.E, comp."
245
0
_a
Diccionario cientÃfico ilustrado
942
_c
LIB
999
_c
9535
_d
9535